00655nam a2200169 i 4500001000700000003000900007005001700016007000300033008004100036100002800077245014900105260003700254300003300291852002100324999001900345952012100364101219ES-MaACL20230906182841.0t|051014s1924 pe ||||1| spa d1 aMax Medina, Pio.97930010aAyacucho b: homenaje a la empresa de la emancipación política en el centenario de la batalla del 9 de Diciembre de 1824 / cPio Max Medina. aLima : bTorres Aguirre, c1924. a205 p., 14 lám. ; c25 cm. aES-MaACLjF-6727 c101219d101219 00104070aATENEOMbATENEOMcDEPO2d2008-01-17eSCl0oF-6727p1105677r2023-02-23 00:00:00w2023-02-23yMONOGRAFIA